000 00642nam a2200217 i 4500
003 DO-SdBNP
005 20240208144958.0
007 ta
008 240208b1944 dr ||||| |||| 00| 0 spa d
040 _aDO-SdBNP
_bspa
_cBNPHU
_erda
082 4 _222
100 _aWeber, Delia,
_d1900-1982
_924257
_eautora
245 1 4 _aLos viajeros :
_bpoema dramático /
_cDelia Weber
264 _aCiudad Trujillo, República Dominicana
_bLa opinión,
_c1944.
300 _a30 páginas ;
_b24 cm.
336 _2rdacontent
_atexto
_btxt
337 _2rdamedia
_asin mediación
_bn
338 _2rdacarrier
_avolumen
_bnc
910 _aBtavárez
942 _2ddc
_cLF2
999 _c55873
_d55873